Дело о выкупе земельных наделов временнообязанными крестьянами В.П. Охотникова деревни Выселков (Крутогорья) Ливенского уезда Ор...

Доступно только в Электронных читальных залах Найти на картеНа карте
RUSMARC
00004110nmc2a2200000 x 450
00128017db0-0c47-4df0-bcd8-be944015834a
00520170921005735.0
100##$a20140331l18791879k l0rusy0189 ca
1010#$arus
102##$aRU
2001#$aДело о выкупе земельных наделов временнообязанными крестьянами В.П. Охотникова деревни Выселков (Крутогорья) Ливенского уезда Орловской губернии
$j6 марта - 11 декабря 1879 г.
251##$cДело
300##$aДело
300##$aОриг. заголовок дела: Дело Охотникова В.П. Орловской губернии Ливенского уезда деревни Выселков (Крутогорья). 6 марта 1879 г. - 11 декабря 1879 г
801#0$aRU
$bРГИА
$c20140331
$gRCR
801#1$aRU
$bГлавНИВЦ
$c20140331
$2rusmarc
801#2$aRU
$bПБ им. Б.Н. Ельцина
$c20170921
$gRCR
$2rusmarc
850##$aРГИА
852##$aРГИА
$eФедеральное казенное учреждение "Российский государственный исторический архив" (РГИА)
$j1659
937##$hРГИА
$d11061587
$aASBIBLIO_SCAN
462#0$10012327ab3a-0548-404e-b4cb-e37355ac5039
$12001
$a1863-1889 гг.
$1251
$cОпись
$1852
$j26
461#0$10018ef30ad5-ff5c-4840-a721-74c62a200f95
$12001
$aГлавное выкупное учреждение Министерства финансов
$1251
$cФонд
$1852
$j577
215##$a60 л.
$d36,5х26 см
371##$aДокумент не является опубликованным и широко распространяемым
105##$ay###
1222#$ad
5171#$aДело Охотникова В.П. Орловской губернии Ливенского уезда деревни Выселков (Крутогорья). 6 марта 1879 г. - 11 декабря 1879 г.
035##$a28017db0-0c47-4df0-bcd8-be944015834a
856##$uhttp://readingroom.main.prlib.ru/item.aspx?id_node=n105134521&mode=full
Формат отображения